| 000 | 00954na a2200289 4500 | ||
|---|---|---|---|
| 001 | 23436 | ||
| 003 | MIRAKIL | ||
| 005 | 20181213155306.0 | ||
| 008 | 170927b tu 000 0 | ||
| 020 | _a9786053324669 | ||
| 040 |
_aMilas _btur _cTR-AnCHP |
||
| 041 | _atur | ||
| 082 |
_a956.2156226 _bÇ34o 2015 |
||
| 090 | _a956.2156226 Ç34o 2015 | ||
| 100 | _aÇelik, Zeynep | ||
| 245 |
_a19. yüzyılda Osmanlı başkenti _bDeğişen İstanbul _cZeynep Çelik ; çeviren Selim Deringil |
||
| 246 | _aDeğişen İstanbul | ||
| 260 |
_aİstanbul _bTürkiye İş Bankası Kültür Yayınları _c2015 |
||
| 300 |
_axııı, 252 s. _bfotğ. ; hrt. _c23 sm. |
||
| 440 |
_aTürkiye İş Bankası Kültür Yayınları _v3312 |
||
| 504 | _aKaynakça ve dizin var. | ||
| 650 |
_aTarih _xİstanbul _y19. yüzyıl |
||
| 650 |
_aOsmanlı İmparatorluğu _xTarih |
||
| 700 |
_aDeringil, Selim _eçev. |
||
| 740 | _aDeğişen İstanbul | ||
| 942 |
_2ddc _cBKS |
||
| 999 |
_c10065 _d10065 |
||